| 000 | 00631nam a22001697a 4500 | ||
|---|---|---|---|
| 003 | OSt | ||
| 005 | 20240614100436.0 | ||
| 008 | 240614b ||||| |||| 00| 0 eng d | ||
| 040 | _cAIMIT LIBRARY | ||
| 100 |
_aAlushias, Ashly. _e2116030 _9170748 |
||
| 245 |
_aStudy on impact of experiential marketing and service quality on consumer brand loyalty regarding the service provided at Arrtha HondaMotors / _cBy Ashly Alushias ; Guided by Dhananjaya K. |
||
| 260 |
_aMangalore _c2023 |
||
| 650 |
_aResearch instrument _9170749 |
||
| 700 |
_aK, Dhananjaya. _eGuide _9170750 |
||
| 856 | _3Arrta Motors Private Limited | ||
| 942 |
_2ddc _cPRO |
||
| 999 |
_c231174 _d231174 |
||